| 000 | 00448nam a2200133Ia 4500 | ||
|---|---|---|---|
| 008 | 170516s9999 xx 000 0 und d | ||
| 245 | _a Imaging findings in an infant with congenital pulmonary venolobar syndrome (scimitar syndrome) | ||
| 260 | _bSouth African Journal of Radiology | ||
| 260 | _c2012 | ||
| 300 | _a16:1 | ||
| 650 | _xRadiologic Technology | ||
| 650 | _xRadtech | ||
| 856 | _uhttp://www.sajr.org.za/index.php/sajr/issue/view/20 | ||
| 999 |
_c332040 _d332040 |
||